000 004240000a22000970004500
100 1 _aGrillo, Andrés
245 1 0 _aEl amor es pura química : Científicos de la Universidad de Yale tratan de probar que ese sentimiento llamado amor no es más que un proceso eléctrico y químico que se produce en alguna parte del cerebro
300 _aVol. 66, Num. 66 (Septiembre, 1994), Páginas 54-56
773 0 _tCambio 16
942 _cANA
999 _c58596
_d58596